[Event "Brno op 12th"]
[Site "Brno"]
[Date "2023.11.15"]
[Round "6"]
[White "Setina, Vaclav"]
[Black "Steadman, Michael VR"]
[Result "1-0"]
[WhiteElo "1908"]
[BlackElo "2127"]
[PlyCount "47"]
[EventDate "2023.11.11"]
[EventType "swiss"]
[EventRounds "9"]
[EventCountry "CZE"]
[SourceTitle "CB47_2023"]
[SourceDate "2023.11.22"]
[SourceVersion "1"]
[SourceVersionDate "2023.11.22"]
[SourceQuality "1"]

1. d4 d5 2. Nf3 c5 3. g3 cxd4 4. Bg2 Qa5+ 5. c3 dxc3 6. Nxc3 e6 7. 0-0 Nf6 8. Bf4 Be7 9. Qb3 a6 10. e4 dxe4 11. Nd2 Nbd7 12. Nc4 Qb4 13. Qxb4 Bxb4 14. Nxe4 Nxe4 15. Bxe4 0-0 16. Rfd1 Ra7 17. a3 Be7 18. Be3 Bc5 19. Rxd7 Bxe3 20. Rd3 Bg5 21. Nb6 f5 22. Bg2 e5 23. Bd5+ Kh8 24. Rc3 1-0

[Event "Arco op 45th"]
[Site "Arco"]
[Date "2023.10.15"]
[Round "9"]
[White "Moreno Ruiz, Javier"]
[Black "Steadman, Michael VR"]
[Result "1-0"]
[WhiteElo "2409"]
[BlackElo "2114"]
[PlyCount "99"]
[EventDate "2023.10.07"]
[EventType "swiss"]
[EventRounds "9"]
[EventCountry "ITA"]
[SourceTitle "Mega2024 Update 01"]
[Source "Chessbase"]
[SourceDate "2023.11.12"]
[SourceVersion "1"]
[SourceVersionDate "2023.11.12"]
[SourceQuality "1"]

1. d4 d5 2. c4 e6 3. Nc3 c6 4. e3 f5 5. Bd3 Nf6 6. Nge2 g6 7. 0-0 Bg7 8. f3 0-0 9. Qc2 a5 10. Bd2 Na6 11. a3 Qe7 12. Rae1 Bd7 13. c5 e5 14. dxe5 Qxe5 15. Na4 Nc7 16. Nd4 f4 17. Bc3 Qg5 18. exf4 Qxf4 19. Re7 Rf7 20. Ne2 Qh6 21. Rxf7 Qe3+ 22. Kh1 Kxf7 23. Nb6 Re8 24. Bxf6 Bf5 25. Bxf5 Bxf6 26. Bd3 Bxb2 27. Qxb2 Qxd3 28. Ng3 Nb5 29. Nd7 d4 30. a4 Qa3 31. Qxa3 Nxa3 32. Ne4 Ke6 33. Nb6 Ke5 34. Rd1 Re7 35. Kg1 Nc2 36. Kf2 Nb4 37. Nc4+ Kd5 38. Nxa5 Na6 39. Nb3 Kc4 40. Nxd4 Nxc5 41. Rc1+ Kxd4 42. Nxc5 b6 43. Nb3+ Kd5 44. a5 b5 45. Nc5 Re8 46. Ne4 Rc8 47. a6 b4 48. Ke3 b3 49. Rc5+ Ke6 50. Rc3 1-0

[Event "Arco op 45th"]
[Site "Arco"]
[Date "2023.10.09"]
[Round "3"]
[White "Fasiello, Andrea"]
[Black "Steadman, Michael VR"]
[Result "1/2-1/2"]
[WhiteElo "1907"]
[BlackElo "2114"]
[PlyCount "52"]
[EventDate "2023.10.07"]
[EventType "swiss"]
[EventRounds "9"]
[EventCountry "ITA"]
[SourceTitle "Mega2024 Update 01"]
[Source "Chessbase"]
[SourceDate "2023.11.12"]
[SourceVersion "1"]
[SourceVersionDate "2023.11.12"]
[SourceQuality "1"]

1. e4 e6 2. d4 d5 3. e5 c5 4. c3 Nc6 5. Nf3 Nh6 6. Bd3 cxd4 7. cxd4 Nf5 8. Bxf5 exf5 9. 0-0 Be6 10. Nc3 Be7 11. Qd3 a6 12. Bd2 b5 13. Rfc1 Qb6 14. Ne2 0-0 15. Bg5 Bxg5 16. Nxg5 h6 17. Nh3 f6 18. Nhf4 Ne7 19. exf6 Rxf6 20. Nh5 Rf7 21. Nef4 g5 22. Nxe6 Qxe6 23. Re1 Qg6 24. Ng3 f4 25. Qxg6+ Nxg6 26. Nf1 Re7 1/2-1/2

[Event "Arco op 45th"]
[Site "Arco"]
[Date "2023.10.07"]
[Round "1"]
[White "Hilbenz, Guntram"]
[Black "Steadman, Michael VR"]
[Result "0-1"]
[WhiteElo "1789"]
[BlackElo "2114"]
[PlyCount "66"]
[EventDate "2023.10.07"]
[EventType "swiss"]
[EventRounds "9"]
[EventCountry "ITA"]
[SourceTitle "Mega2024 Update 01"]
[Source "Chessbase"]
[SourceDate "2023.11.12"]
[SourceVersion "1"]
[SourceVersionDate "2023.11.12"]
[SourceQuality "1"]

1. c4 e6 2. g3 d5 3. Bg2 d4 4. Nf3 c5 5. e3 Nc6 6. 0-0 Nf6 7. exd4 cxd4 8. d3 Bc5 9. Re1 0-0 10. Na3 h6 11. Nc2 Re8 12. Ne5 Nxe5 13. Rxe5 Nd7 14. Re1 a5 15. Bd2 e5 16. b4 axb4 17. Nxb4 Nf6 18. Nd5 Ra3 19. Nxf6+ Qxf6 20. Be4 Qa6 21. Qc2 Bd7 22. Reb1 Bc6 23. f3 f5 24. Bd5+ Bxd5 25. cxd5 Rxd3 26. Rb3 Rc3 27. Qd1 d3+ 28. Kg2 Rc2 29. Kh3 Bd4 30. Rc1 Rxa2 31. Rc7 e4 32. Rbxb7 Qg6 33. Qb3 Qh5+ 0-1

[Event "Isola del Sole op"]
[Site "Grado"]
[Date "2023.09.26"]
[Round "5"]
[White "Steadman, Michael VR"]
[Black "Palma, Andrea"]
[Result "1-0"]
[WhiteElo "2104"]
[BlackElo "1931"]
[PlyCount "75"]
[EventDate "2023.09.23"]
[EventType "swiss"]
[EventRounds "9"]
[EventCountry "ITA"]
[SourceTitle "EXT 2024"]
[Source "ChessBase"]
[SourceDate "2023.10.10"]
[SourceVersion "1"]
[SourceVersionDate "2023.10.10"]
[SourceQuality "1"]

1. d4 Nf6 2. c4 c5 3. d5 b5 4. cxb5 a6 5. bxa6 g6 6. Nc3 Bxa6 7. Nh3 Bg7 8. e4 Qa5 9. Bd2 d6 10. f4 0-0 11. Qf3 Nbd7 12. Rb1 e6 13. dxe6 fxe6 14. Ng5 Rae8 15. Qh3 Qb6 16. Bxa6 Qxa6 17. Nxe6 Nxe4 18. Nxe4 d5 19. N4g5 h6 20. Kd1 hxg5 21. Nxg7 Qxa2 22. Rc1 Re7 23. Ne6 Rfe8 24. Nxg5 Qxb2 25. Qd3 Qb6 26. Qxd5+ Kg7 27. Re1 Nf6 28. Rxe7+ Rxe7 29. Qc4 Qc6 30. Nf3 Ne4 31. Ne5 Nf2+ 32. Ke1 Qd6 33. Kxf2 Qxd2+ 34. Kg3 g5 35. Nf3 Re3 36. fxg5 Qb2 37. Qxc5 Re2 38. Qc3+ 1-0

[Event "Southern Chess Classic"]
[Site "Invercargill"]
[Date "2023.07.15"]
[Round "3"]
[White "Paulsen, Jens"]
[Black "Steadman, Michael VR"]
[Result "0-1"]
[WhiteElo "1695"]
[BlackElo "2094"]
[PlyCount "25"]
[EventDate "2023.07.14"]
[EventType "swiss"]
[EventRounds "6"]
[EventCountry "NZL"]
[SourceTitle "EXT 2024"]
[Source "ChessBase"]
[SourceDate "2023.10.10"]
[SourceVersion "1"]
[SourceVersionDate "2023.10.10"]
[SourceQuality "1"]

1. c4 e5 2. Nc3 d6 3. g3 f5 4. Bg2 Nf6 5. d3 g6 6. Nf3 Bg7 7. Bd2 c5 8. e4 0-0 9. a3 Nc6 10. Nd5 fxe4 11. Nxf6+ Qxf6 12. dxe4 Nd4 13. Bc1 0-1

[Event "NZL-ch op-A 130th"]
[Site "Wellington"]
[Date "2023.01.03"]
[Round "2"]
[White "Cilia Vincenti, David"]
[Black "Steadman, Michael VR"]
[Result "1-0"]
[WhiteElo "1965"]
[BlackElo "2161"]
[PlyCount "71"]
[EventDate "2023.01.02"]
[EventType "swiss"]
[EventRounds "9"]
[EventCountry "NZL"]
[SourceTitle "CBM 212 Extra"]
[Source "ChessBase"]
[SourceDate "2023.03.31"]
[SourceVersion "1"]
[SourceVersionDate "2023.03.31"]
[SourceQuality "1"]

1. c4 e5 2. Nc3 Nf6 3. Nf3 d6 4. d4 Nbd7 5. e4 c6 6. Be2 Qc7 7. 0-0 Be7 8. h3 a6 9. Be3 0-0 10. d5 Nc5 11. Nd2 a5 12. b3 Re8 13. a3 Na6 14. b4 h6 15. Nb3 axb4 16. axb4 Bd7 17. b5 Nb4 18. b6 Qc8 19. Rxa8 Qxa8 20. c5 cxd5 21. exd5 Rc8 22. f4 e4 23. g4 Na2 24. Nxa2 Qxa2 25. g5 hxg5 26. fxg5 Nh7 27. Bg4 Bxg4 28. Qxg4 Rf8 29. g6 Nf6 30. gxf7+ Rxf7 31. Qc8+ Bf8 32. Nd4 Qxd5 33. c6 Qe5 34. Nf5 Qd5 35. c7 Nd7 36. Qxf8+ 1-0

[Event "North Island-ch"]
[Site "Wellington"]
[Date "2021.04.03"]
[Round "3"]
[White "Steadman, Michael VR"]
[Black "Ackroyd, William"]
[Result "1-0"]
[WhiteElo "2157"]
[BlackElo "1734"]
[PlyCount "57"]
[EventDate "2021.04.02"]
[EventType "swiss"]
[EventRounds "8"]
[EventCountry "NZL"]
[SourceTitle "EXT 2024"]
[Source "ChessBase"]
[SourceDate "2023.10.10"]
[SourceVersion "1"]
[SourceVersionDate "2023.10.10"]
[SourceQuality "1"]

1. e4 c6 2. d3 d5 3. Nd2 e5 4. Ngf3 Nd7 5. Be2 g6 6. c3 Bg7 7. Qc2 f5 8. h4 Ngf6 9. Ng5 Qe7 10. exf5 gxf5 11. Nb3 h6 12. Nh3 a5 13. d4 e4 14. a4 Nf8 15. Nf4 h5 16. Bd2 Qf7 17. Qd1 Ne6 18. Rc1 Nxf4 19. Bxf4 Be6 20. Nc5 Bc8 21. b4 axb4 22. cxb4 Bf8 23. a5 Bxc5 24. Rxc5 Ke7 25. Rh3 Bd7 26. Rg3 Rag8 27. Rg5 Be8 28. Rxf5 Rxg2 29. Bg5 1-0

[Event "George Trundle Masters"]
[Site "Auckland"]
[Date "2020.01.12"]
[Round "10"]
[White "Sandler, Leonid"]
[Black "Steadman, Michael VR"]
[Result "1-0"]
[WhiteElo "2226"]
[BlackElo "2220"]
[PlyCount "63"]
[EventDate "2020.01.04"]
[EventType "tourn"]
[EventRounds "10"]
[EventCountry "NZL"]
[EventCategory "4"]
[SourceTitle "CBM 194 Extra"]
[Source "ChessBase"]
[SourceDate "2020.03.31"]
[SourceVersion "1"]
[SourceVersionDate "2020.03.31"]
[SourceQuality "1"]

1. c4 e6 2. d4 d5 3. Nf3 c6 4. Qc2 dxc4 5. Qxc4 b5 6. Qc2 Bb7 7. Bg5 Qb6 8. Nbd2 Nd7 9. e3 Ngf6 10. Be2 Be7 11. 0-0 h6 12. Bxf6 Nxf6 13. Rac1 Rc8 14. Nb3 Nd7 15. Nc5 Nxc5 16. dxc5 Qc7 17. Qe4 Rd8 18. Rfd1 Rxd1+ 19. Bxd1 Bf6 20. b4 0-0 21. Bc2 Rd8 22. h4 Rd7 23. g4 Rd5 24. Bb3 Qe7 25. g5 hxg5 26. hxg5 Bb2 27. Rb1 Bc3 28. Bxd5 cxd5 29. Qd3 d4 30. exd4 Bxf3 31. Qxf3 Qxg5+ 32. Qg2 1-0